10 villes les plus peuplée par département du Pays Loire - Statistiques

Statistiques générales
  • Ce quiz a été pris 123 fois
  • Le résultat moyen est 23 sur 50
Statistiques - réponses
Population Arrondissement Réponse % Correct
309 646 Nantes Nantes
98%
11 169 Les Sables-d'Olonne Saint-Hilaire-de-Riez
96%
152 620 Angers Angers
94%
53 917 Cholet Cholet
93%
49 728 Laval Laval
92%
69 993 Saint-Nazaire Saint-Nazaire
92%
142 902 Le Mans Le Mans
90%
26 761 Saumur Saumur
90%
16 776 Château-Gontier Château-Gontier-sur-Mayenne
88%
14 956 La Flèche La Flèche
87%
12 841 Mayenne Mayenne
86%
54 372 La-Roche-sur-Yon La Roche-sur-Yon
82%
44 017 Les Sables-d'Olonne Les Sables-d'Olonne
82%
41 411 Nantes Rezé
77%
5 299 Mamers Mamers
76%
13 226 Fontenay-le-Comte Fontenay-le-Comte
73%
46 268 Nantes Saint-Herblain
69%
19 820 Nantes Carquefou
63%
26 355 Nantes Orvault
60%
26 863 Nantes Saint-Sébastien-sur-Loire
57%
17 562 Sergè Segré-en-Anjou Bleu
57%
20 266 Les Sables-d'Olonne Challans
49%
15 986 La Roche-sur-Yon Les Herbiers
45%
24 219 Nantes Vertou
44%
19 694 Nantes La Chapelle-sur-Erdre
38%
12 220 La Flèche Sablé-sur-Sarthe
38%
21 372 Nantes Couëron
32%
8 902 Mamers La Ferté-Bernard
29%
11 098 Le Mans Allonnes
27%
9 540 Fontenay-le-Comte Luçon
25%
23 228 Cholet Beaupréau-en-Mauges
24%
21 305 Cholet Chemillé-en-Anjou
24%
20 120 La Roche-sur-Yon Montaigu-Vendée
24%
4 507 Château-Gontier Craon
20%
8 671 Mayenne Evron
20%
25 414 Cholet Sèvremoine
20%
5 731 Mayenne Ernée
18%
6 020 Laval Changé
17%
6 519 Le Mans Changé
17%
7 334 Laval Saint-Berthevin
17%
9 510 La Roche-sur-Yon Aizenay
15%
5 331 Le Mans Arnage
14%
7 423 Le Mans Coulaines
14%
6 032 Laval Bonchamp-lès-Laval
13%
18 264 Cholet Mauges-sur-Loire
11%
4 302 Laval Louverné
10%
15 859 Cholet Montrevault-sur-Èvre
7%
8 931 La Roche-sur-Yon Essarts en Bocage
4%
16 413 Cholet Orée d'Anjou
4%
6 124 La Flèche Montval-sur-Loir
2%
Aucun quiz correspondant
Distribution des résultats
% des personnes avec chaque résultat
Percentile par nombre de réponses
Votre historique - résultats
Vous n’avez pas pris ce quiz